000 00945nam a2200265Ia 4500
003 OSt
005 20221005112900.0
006 a|||||r|||| 00| 0
007 ta
008 221004b |||||||| |||| 00| 0 pan d
020 _a9788193253663 (hbk)
_cINR 250.00
024 _a35726
037 _b1005, 13/11/2017, H.K. Prakashan
_cTextual
040 _aCRL
_cCRL
_bpan
041 _2pan
_apan
082 _aO152,1N53x, 153Q7
100 _aਉੱਪਲ, ਸਤਯ ਪ੍ਰਕਾF, ਂਚ.
245 0 _aਲਹੂ ਦਾ ਇਕ ਮੌਸਮ
260 _aਦਿੱਲੀ
_bਐਵਿਸ ਪਬਲੀਕੇFਨਗ਼ ਭਾਰਤ
_c2017
300 _a119ਪੰ
_ccm.
650 _a ਹਿੰਦੀ ਕਾਵਿ
650 _aਹਿੰਦੀ ਸਾਹਿਤ
942 _hO152,1N53x, 153Q7
_cTEXL
_2cc
999 _c1026305
_d1026305